| 000 | 00868nam a2200265Ia 4500 | ||
|---|---|---|---|
| 008 | 191130s2006##################000#0#eng## | ||
| 020 | _a9780324261288 | ||
| 022 | _a2005041890 | ||
| 040 |
_aACL _cACL |
||
| 082 | _a338.6048 ROC | ||
| 100 | _aRochlin, Dave | ||
| 245 |
_aHunter or hunted? : technology, innovation, and competitive strategy _cDave Rochlin |
||
| 260 |
_aMason, OH _bThomson _cc2006 |
||
| 300 | _axiv, 306 p. : ill. ; 24 cm | ||
| 500 | _aIncludes bibliographical references (p. 275-287) and index | ||
| 650 | _aCompetition | ||
| 650 | _aIndustrial management | ||
| 650 | _aStrategic planning | ||
| 650 | _aTechnological innovations - Economic aspects | ||
| 650 | _aTechnological innovations - Management | ||
| 650 | _aTechnology - Economic aspects | ||
| 990 | _a5e74d8aaac10000c3aedcd14a07c6893 | ||
| 991 | _a304231 | ||
| 999 |
_c209635 _d209635 |
||